[Event "20th EUR-ch"]
[Site "Skopje MKD"]
[Date "2019.03.25"]
[Round "7"]
[White "Martirosian, Haik"]
[Black "Diermair, Andreas"]
[Result "1/2-1/2"]
[WhiteElo "2616"]
[BlackElo "2478"]
[EventDate "2019.03.18"]
[Board "60"]
[PlyCount "30"]

1.d4 Nf6 2.c4 e6 3.Nf3 d5 4.Nc3 Bb4 5.Bg5 dxc4 6.e3 b5 7.a4 c6 8.Be2 Bb7 
9.O-O a6 10.Ne5 Nbd7 11.f4 Be7 12.Bf3 Nd5 13.Bxe7 Qxe7 14.Nxd7 Qxd7 15.Qd2
Nxc3 1/2-1/2

[Event "20th EUR-ch"]
[Site "Skopje MKD"]
[Date "2019.03.25"]
[Round "7"]
[White "Arnaudov, Petar Georgiev"]
[Black "Vocaturo, Daniele"]
[Result "1-0"]
[WhiteElo "2462"]
[BlackElo "2616"]
[EventDate "2019.03.18"]
[Board "62"]
[PlyCount "72"]

1.Nf3 Nf6 2.c4 e6 3.g3 d5 4.Bg2 Be7 5.O-O O-O 6.d4 c6 7.Nbd2 b6 8.Qc2 c5 
9.dxc5 bxc5 10.cxd5 exd5 11.e4 Nc6 12.a3 Ba6 13.Rd1 Be2 14.Re1 Bxf3 15.
Bxf3 Nd4 16.Qd1 dxe4 17.Nxe4 Rb8 18.Nc3 Qd7 19.Bg2 Bd8 20.Be3 Qf5 21.Bxd4 
cxd4 22.Na4 d3 23.Re3 Ng4 24.Rf3 Qh5 25.h3 Ne5 26.Rxd3 Qf5 27.Rd5 Qf6 28.
Qe2 Re8 29.Rc1 Kf8 30.Nc5 Rxb2 31.Qe3 Bb6 32.Rxe5 Rxe5 33.Nd7+ Ke7 34.
Qxe5+ Qxe5 35.Nxe5 Bxf2+ 36.Kf1 Bb6 1-0

[Event "20th EUR-ch"]
[Site "Skopje MKD"]
[Date "2019.03.25"]
[Round "7"]
[White "Donchenko, Alexander"]
[Black "Gumularz, Szymon"]
[Result "0-1"]
[WhiteElo "2593"]
[BlackElo "2473"]
[EventDate "2019.03.18"]
[Board "63"]
[PlyCount "106"]

1.Nf3 Nf6 2.g3 g6 3.Bg2 Bg7 4.O-O c5 5.b3 O-O 6.Bb2 d6 7.d4 cxd4 8.Nxd4 d5
9.c4 dxc4 10.bxc4 Qb6 11.Qb3 Nfd7 12.e3 Nc6 13.Nc3 Na5 14.Nd5 Nxb3 15.Nxb6
Nxd4 16.Nxa8 Ne2+ 17.Kh1 Bxb2 18.Rab1 Bg7 19.Bxb7 Nc3 20.Bxc8 Nxb1 21.Bxd7
Nd2 22.Rd1 Ne4 23.Kg2 Rxa8 24.Bc6 Nc3 25.Rd7 Rc8 26.Bb5 a5 27.Rxe7 Nxa2 
28.Ra7 Bc3 29.Bd7 Rc5 30.Be8 f5 31.Bf7+ Kh8 32.Kh3 Bf6 33.Bd5 Nc3 34.Ra8+ 
Kg7 35.Ra7+ Kh6 36.Bg8 Bg7 37.Kg2 Ne4 38.h3 Nf6 39.Be6 Re5 40.Ra6 Bf8 41.
g4 fxg4 42.hxg4 Kg7 43.Kf3 Bb4 44.Kf4 Re4+ 45.Kf3 g5 46.Ra7+ Kh6 47.Ra6 
Re5 48.Ke2 Kg7 49.Kd3 Ne4 50.Ke2 a4 51.Bd5 Nc3+ 52.Kf3 a3 53.e4 Bc5 0-1

[Event "20th EUR-ch"]
[Site "Skopje MKD"]
[Date "2019.03.25"]
[Round "7"]
[White "Kourkoulos-Arditis, Stamatis"]
[Black "Stocek, Jiri"]
[Result "1/2-1/2"]
[WhiteElo "2435"]
[BlackElo "2592"]
[EventDate "2019.03.18"]
[Board "64"]
[PlyCount "95"]

1.Nf3 d6 2.d4 Bg4 3.c4 Nd7 4.Nc3 e6 5.e4 Bxf3 6.Qxf3 g6 7.Qd1 Bg7 8.Be3 
Ne7 9.Be2 a6 10.Qd2 c6 11.O-O O-O 12.Rac1 b5 13.b3 d5 14.cxd5 cxd5 15.exd5
exd5 16.Bf3 Nf6 17.Bg5 Qd6 18.Bf4 Qd7 19.Be5 Rac8 20.a4 bxa4 21.Nxa4 Ne4 
22.Bxe4 Rxc1 23.Rxc1 dxe4 24.Nc5 Qd5 25.Bxg7 Kxg7 26.Re1 Nc6 27.Nxe4 Nxd4 
28.Qc3 Re8 29.f3 Qe5 30.Kf2 Rd8 31.Nc5 Qf6 32.Re4 h5 33.b4 Kg8 34.Nb3 Qc6 
35.Qd3 Qb5 36.Qxb5 Nxb5 37.Nc5 Rd6 38.Re2 Kg7 39.Ra2 Nc7 40.Ke2 Rb6 41.Kf2
h4 42.Ra4 g5 43.Ra2 Kg6 44.Ra4 f6 45.Ra2 Kf7 46.Rd2 Rc6 47.Ra2 Ke7 48.Ke2 
1/2-1/2

[Event "20th EUR-ch"]
[Site "Skopje MKD"]
[Date "2019.03.25"]
[Round "7"]
[White "Yuffa, Daniil"]
[Black "Caspi, Israel"]
[Result "1-0"]
[WhiteElo "2582"]
[BlackElo "2461"]
[EventDate "2019.03.18"]
[Board "65"]
[PlyCount "69"]

1.d4 d6 2.e4 Nf6 3.Nc3 e5 4.Nf3 Nbd7 5.Bc4 Be7 6.O-O O-O 7.a4 c6 8.a5 h6 
9.Qe2 Qc7 10.Rd1 Re8 11.d5 cxd5 12.Bxd5 Nc5 13.Be3 Nxd5 14.Nxd5 Qc6 15.
Bxc5 dxc5 16.Nxe5 Qe6 17.Nxe7+ Qxe7 18.Nc4 Be6 19.Nd6 Red8 20.e5 b6 21.f4 
g6 22.Ra3 Qh4 23.Qf2 Qxf2+ 24.Kxf2 b5 25.Rad3 a6 26.Ke3 Kf8 27.Ne4 Rdc8 
28.Rd6 b4 29.Rb6 Rc7 30.Rdd6 Bc4 31.g4 Be6 32.h3 h5 33.gxh5 gxh5 34.h4 Bc4
35.Rh6 1-0

[Event "20th EUR-ch"]
[Site "Skopje MKD"]
[Date "2019.03.25"]
[Round "7"]
[White "Halkias, Stelios"]
[Black "Blohberger, Felix"]
[Result "1/2-1/2"]
[WhiteElo "2552"]
[BlackElo "2459"]
[EventDate "2019.03.18"]
[Board "66"]
[PlyCount "150"]

1.Nf3 d5 2.d4 Nf6 3.c4 e6 4.g3 Bb4+ 5.Bd2 Be7 6.Bg2 O-O 7.O-O Nbd7 8.Qc2 
c6 9.Rd1 Ne4 10.a3 a5 11.Bc3 b5 12.c5 f5 13.Nbd2 Qc7 14.b4 Nxc3 15.Qxc3 
Bf6 16.a4 axb4 17.Qxb4 Rxa4 18.Rxa4 bxa4 19.Qxa4 Bb7 20.Rb1 Ra8 21.Qc2 Ba6
22.e3 Bb5 23.Bf1 Bxf1 24.Kxf1 Qa7 25.Kg2 Qa6 26.Ne1 Rb8 27.Rxb8+ Nxb8 28.
Nd3 Qb5 29.h4 Kf7 30.Nf3 Nd7 31.Qc3 Qa6 32.Qb3 Ke7 33.Nb4 Qa8 34.Nd3 Qa6 
35.Qb1 Kf7 36.Qd1 Ke7 37.Kg1 Qc8 38.Kg2 Qa6 39.Qc2 Qa3 40.Nf4 Qa6 41.Qb1 
Kf7 42.Nh3 Ke7 43.h5 Qa8 44.Nf4 Qa6 45.Qb2 Kf7 46.Qc2 Qa3 47.Qb1 Qa6 48.
Nd3 Ke7 49.Qb3 Kf7 50.Kh2 Ke7 51.Kg1 Kf7 52.Kg2 Ke7 53.Nb4 Qa8 54.Qc2 Kf7 
55.Qa2 Qxa2 56.Nxa2 Ke7 57.Nb4 Nb8 58.Kh3 Kd7 59.g4 fxg4+ 60.Kxg4 h6 61.
Kf4 Kc7 62.Ne5 Bh4 63.Nbd3 Nd7 64.Nxd7 Kxd7 65.Kg4 Bf6 66.Kf4 Bh4 67.Ne5+ 
Kc7 68.Kf3 Bf6 69.Ng6 Kd7 70.Kg4 Kd8 71.f4 Ke8 72.Kf3 Kf7 73.Ke2 Ke8 74.
Kd3 Kd7 75.Kc3 Bd8 1/2-1/2

[Event "20th EUR-ch"]
[Site "Skopje MKD"]
[Date "2019.03.25"]
[Round "7"]
[White "Tsydypov, Zhamsaran"]
[Black "Godena, Michele"]
[Result "1/2-1/2"]
[WhiteElo "2551"]
[BlackElo "2449"]
[EventDate "2019.03.18"]
[Board "67"]
[PlyCount "50"]

1.d4 d5 2.c4 dxc4 3.e4 e5 4.Nf3 exd4 5.Bxc4 Bb4+ 6.Nbd2 Nc6 7.O-O Nf6 8.e5
Nd5 9.Nb3 Nb6 10.Bb5 Qd5 11.Bxc6+ Qxc6 12.Nbxd4 Qd5 13.Qc2 c6 14.Rd1 h6 
15.e6 O-O 16.Bd2 Bxd2 17.exf7+ Rxf7 18.Rxd2 Bg4 19.Re1 Bxf3 20.Nxf3 Qxa2 
21.h4 Qc4 22.Qd1 Qg4 23.Qb3 Qc4 24.Qd1 Qg4 25.Qb3 Qc4 1/2-1/2

[Event "20th EUR-ch"]
[Site "Skopje MKD"]
[Date "2019.03.25"]
[Round "7"]
[White "Kadric, Denis"]
[Black "Macovei, Andrei"]
[Result "1-0"]
[WhiteElo "2547"]
[BlackElo "2450"]
[EventDate "2019.03.18"]
[Board "68"]
[PlyCount "43"]

1.e4 c6 2.d4 d5 3.e5 Bf5 4.h4 h5 5.c4 e6 6.Nc3 Ne7 7.Nge2 Nd7 8.Ng3 Bg6 9.
Bg5 Qb6 10.Rc1 dxc4 11.Bxc4 Qb4 12.b3 Rd8 13.Qf3 b5 14.Bd2 Nxe5 15.dxe5 
Rxd2 16.Kxd2 bxc4 17.bxc4 Qxc4 18.Rhd1 Nf5 19.Nxf5 Bxf5 20.Qe2 Qf4+ 21.Ke1
Bc5 22.Qd2 1-0

[Event "20th EUR-ch"]
[Site "Skopje MKD"]
[Date "2019.03.25"]
[Round "7"]
[White "Shevchenko, Kirill"]
[Black "Warmerdam, Max"]
[Result "1-0"]
[WhiteElo "2535"]
[BlackElo "2448"]
[EventDate "2019.03.18"]
[Board "69"]
[PlyCount "55"]

1.d4 Nf6 2.Bf4 d5 3.e3 c5 4.c3 Nc6 5.Nd2 e6 6.Ngf3 Be7 7.Ne5 Nxe5 8.dxe5 
Nd7 9.h4 Qb6 10.Rb1 Qa5 11.a3 c4 12.Qg4 g6 13.Be2 h5 14.Qg3 Nc5 15.Bg5 
Bxg5 16.Qxg5 Bd7 17.O-O Ba4 18.e4 Nxe4 19.Nxe4 dxe4 20.Bxc4 Bc2 21.Rbe1 
Bd3 22.Qf6 Rf8 23.Bxd3 exd3 24.Re4 Rd8 25.Rd1 Rd5 26.Qf3 Rxe5 27.Qxd3 Ke7 
28.Qd6+ 1-0

[Event "20th EUR-ch"]
[Site "Skopje MKD"]
[Date "2019.03.25"]
[Round "7"]
[White "Valsecchi, Alessio"]
[Black "Pultinevicius, Paulius"]
[Result "0-1"]
[WhiteElo "2515"]
[BlackElo "2439"]
[EventDate "2019.03.18"]
[Board "70"]
[PlyCount "80"]

1.e4 c6 2.Nf3 d5 3.Nc3 Bg4 4.h3 Bxf3 5.Qxf3 Nf6 6.d3 e6 7.Bd2 Qb6 8.O-O-O 
d4 9.Ne2 c5 10.g4 Nc6 11.g5 Nd7 12.Qg3 O-O-O 13.h4 Be7 14.f4 Kb8 15.Qf3 
Qb5 16.Kb1 Nb6 17.c4 dxc3 18.Nxc3 Qa6 19.e5 Ka8 20.Be3 Qa5 21.Bg2 Rd7 22.
d4 cxd4 23.Bxd4 Rhd8 24.Bxb6 Qxb6 25.Rxd7 Rxd7 26.Rd1 Rd4 27.Rxd4 Nxd4 28.
Qd1 a6 29.Be4 g6 30.h5 Nb5 31.Nxb5 Qxb5 32.h6 Qb4 33.Qe2 Bc5 34.a3 Qb3 35.
Bc2 Qe3 36.Qc4 Qd4 37.Bb3 Qxc4 38.Bxc4 Be3 39.f5 gxf5 40.Bxe6 fxe6 0-1

[Event "20th EUR-ch"]
[Site "Skopje MKD"]
[Date "2019.03.25"]
[Round "7"]
[White "Nikitenko, Mihail"]
[Black "Sivuk, Vitaly"]
[Result "1/2-1/2"]
[WhiteElo "2408"]
[BlackElo "2514"]
[EventDate "2019.03.18"]
[Board "71"]
[PlyCount "91"]

1.e4 g6 2.d4 d6 3.Nc3 Bg7 4.Be3 a6 5.Qd2 Nd7 6.h4 h6 7.f4 h5 8.Nf3 Nh6 9.
Ng5 Nb6 10.a4 a5 11.d5 c6 12.Bd4 Bxd4 13.Qxd4 Rg8 14.O-O-O Bg4 15.Rd2 Nd7 
16.dxc6 bxc6 17.e5 dxe5 18.fxe5 Qb6 19.e6 Qxd4 20.Rxd4 Bxe6 21.Nxe6 fxe6 
22.Rc4 Rc8 23.Bd3 Nf7 24.Re1 Nfe5 25.Rce4 Nxd3+ 26.cxd3 Nc5 27.R4e3 Rd8 
28.Kc2 Rf8 29.Ne4 Rf5 30.Nxc5 Rxc5+ 31.Kb1 Kf7 32.Rxe6 Rxd3 33.Rxe7+ Kf6 
34.Re8 Rd4 35.g3 Kf5 36.Rg8 Rd6 37.Rge8 Rd3 38.Rf8+ Kg4 39.Rf6 Rxg3 40.
Rxg6+ Kxh4 41.Rh1+ Rh3 42.Rc1 Rxc1+ 43.Kxc1 Rg3 44.Rxc6 Rg4 45.Rc5 Rxa4 
46.Kd2 1/2-1/2

[Event "20th EUR-ch"]
[Site "Skopje MKD"]
[Date "2019.03.25"]
[Round "7"]
[White "Zanan, Evgeny"]
[Black "Gaehwiler, Gabriel"]
[Result "1-0"]
[WhiteElo "2514"]
[BlackElo "2414"]
[EventDate "2019.03.18"]
[Board "72"]
[PlyCount "55"]

1.d4 Nf6 2.c4 e6 3.Nc3 d5 4.Nf3 c5 5.cxd5 Nxd5 6.e4 Nxc3 7.bxc3 cxd4 8.
cxd4 Bb4+ 9.Bd2 Bxd2+ 10.Qxd2 O-O 11.Bc4 Nd7 12.O-O b6 13.Rad1 Nf6 14.Rfe1
Bb7 15.d5 exd5 16.exd5 Qd6 17.Nd4 Ng4 18.g3 Ne5 19.Bb3 Bxd5 20.Qe2 Rae8 
21.Nf5 Qf6 22.Rxd5 Nf3+ 23.Qxf3 Rxe1+ 24.Kg2 Qa1 25.Ne3 Rg1+ 26.Kh3 Rh1 
27.Rd7 Qg1 28.Qxf7+ 1-0

[Event "20th EUR-ch"]
[Site "Skopje MKD"]
[Date "2019.03.25"]
[Round "7"]
[White "Dragnev, Valentin"]
[Black "Borsuk, Konstantin"]
[Result "1-0"]
[WhiteElo "2511"]
[BlackElo "2346"]
[EventDate "2019.03.18"]
[Board "73"]
[PlyCount "117"]

1.d4 Nf6 2.c4 e6 3.Nf3 Bb4+ 4.Bd2 Qe7 5.g3 O-O 6.Bg2 Bxd2+ 7.Qxd2 d6 8.Nc3
e5 9.O-O Re8 10.dxe5 dxe5 11.Rfd1 Na6 12.Nd5 Nxd5 13.cxd5 e4 14.Nd4 Qe5 
15.Nb3 Bd7 16.Na5 Rad8 17.Nc4 Qh5 18.Rac1 Bg4 19.Rc2 c5 20.Ne3 Rd6 21.Nxg4
Qxg4 22.Rc4 Qf5 23.Qe3 Rxd5 24.Rxd5 Qxd5 25.Rxe4 Qd1+ 26.Bf1 Rxe4 27.Qxe4 
Qd7 28.Bh3 Qd1+ 29.Kg2 g6 30.Bc8 Nb4 31.Qe8+ Kg7 32.Qe5+ Kg8 33.Bxb7 Qd7 
34.Be4 Qe6 35.Qxe6 fxe6 36.a3 Na6 37.Bb7 Nc7 38.e4 e5 39.Kf3 Kf7 40.Ke3 
Nb5 41.Kd3 Ke7 42.Bd5 Nd4 43.Kc4 Kd6 44.f4 Nf3 45.h4 Nd2+ 46.Kd3 Nf1 47.
Bg8 Nxg3 48.fxe5+ Kxe5 49.Bxh7 Kf6 50.Bg8 Ke5 51.Bf7 Nh5 52.Kc4 Nf4 53.
Kxc5 Kxe4 54.b4 Ke5 55.b5 Kf6 56.Bd5 Kf5 57.Kc6 Ne2 58.Kb7 Nd4 59.Bc4 1-0

[Event "20th EUR-ch"]
[Site "Skopje MKD"]
[Date "2019.03.25"]
[Round "7"]
[White "Goganov, Aleksey"]
[Black "Piesik, Piotr"]
[Result "1-0"]
[WhiteElo "2610"]
[BlackElo "2420"]
[EventDate "2019.03.18"]
[Board "74"]
[PlyCount "75"]

1.e4 e5 2.Nf3 Nf6 3.Nxe5 d6 4.Nf3 Nxe4 5.Nc3 Nxc3 6.dxc3 Be7 7.Be3 O-O 8.
Qd2 Nd7 9.O-O-O Nf6 10.Bd3 c5 11.Bg5 Qa5 12.Kb1 Be6 13.c4 Qa6 14.b3 Rfe8 
15.Rhe1 Rad8 16.Re2 Qa3 17.Qe1 Bf8 18.Bxf6 gxf6 19.Bf5 Bd7 20.Bxd7 Rxe2 
21.Qxe2 Rxd7 22.Ne5 Rd8 23.Qh5 Bg7 24.Qxf7+ Kh8 25.Ng6+ hxg6 26.Rd3 Bh6 
27.Qxf6+ Kh7 28.Qe7+ Kg8 29.Qxd8+ Kg7 30.Rd1 Kh7 31.c3 b5 32.cxb5 c4 33.
Qxd6 Qa5 34.Qe7+ Bg7 35.Qh4+ Kg8 36.Rd8+ Kf7 37.Qxc4+ Ke7 38.Rd3 1-0

[Event "20th EUR-ch"]
[Site "Skopje MKD"]
[Date "2019.03.25"]
[Round "7"]
[White "Mazur, Stefan"]
[Black "Gordievsky, Dmitry"]
[Result "1/2-1/2"]
[WhiteElo "2441"]
[BlackElo "2603"]
[EventDate "2019.03.18"]
[Board "75"]
[PlyCount "46"]

1.e4 c5 2.Nf3 Nc6 3.d4 cxd4 4.Nxd4 Nf6 5.Nc3 e5 6.Ndb5 d6 7.Bg5 a6 8.Na3 
b5 9.Bxf6 gxf6 10.Nd5 Bg7 11.Bd3 Ne7 12.Nxe7 Qxe7 13.O-O O-O 14.c4 f5 15.
Qh5 d5 16.cxd5 Rd8 17.f3 f4 18.g4 Rb8 19.Kh1 Rb6 20.g5 Rg6 21.Rg1 f6 22.
gxf6 Qxf6 23.Rac1 Bd7 1/2-1/2

[Event "20th EUR-ch"]
[Site "Skopje MKD"]
[Date "2019.03.25"]
[Round "7"]
[White "Solak, Dragan"]
[Black "Parvanian, Ashot"]
[Result "1-0"]
[WhiteElo "2601"]
[BlackElo "2426"]
[EventDate "2019.03.18"]
[Board "76"]
[PlyCount "55"]

1.c4 Nf6 2.Nc3 g6 3.g3 Bg7 4.Bg2 O-O 5.e4 d6 6.Nge2 c5 7.O-O Nc6 8.d3 a6 
9.Rb1 Rb8 10.a4 Bg4 11.f3 Bd7 12.Be3 e5 13.Qd2 Nb4 14.h3 b5 15.axb5 axb5 
16.f4 Qc7 17.f5 Bc6 18.g4 Nd7 19.Ng3 Ra8 20.h4 Na2 21.cxb5 Bb7 22.g5 Rfe8 
23.h5 Nb6 24.hxg6 hxg6 25.f6 Bf8 26.Bf3 d5 27.Qh2 Nxc3 28.Kg2 1-0

[Event "20th EUR-ch"]
[Site "Skopje MKD"]
[Date "2019.03.25"]
[Round "7"]
[White "Nikolov, Momchil"]
[Black "Ioannidis, Evgenios"]
[Result "0-1"]
[WhiteElo "2584"]
[BlackElo "2412"]
[EventDate "2019.03.18"]
[Board "77"]
[PlyCount "102"]

1.d4 d5 2.c4 e6 3.Nf3 a6 4.cxd5 exd5 5.Nc3 Nf6 6.Bg5 Be6 7.e3 Nbd7 8.Be2 
Bd6 9.O-O O-O 10.Rc1 c6 11.Qc2 Qc7 12.Bd3 Bg4 13.h3 Bh5 14.Nh4 Bg6 15.Nf5 
Bxf5 16.Bxf5 h6 17.Bxf6 Nxf6 18.a3 Rfe8 19.b4 Qe7 20.Na4 g6 21.Bd3 a5 22.
Nc5 Ne4 23.Bxe4 dxe4 24.Rb1 axb4 25.axb4 b6 26.Na4 b5 27.Nc3 h5 28.Qb3 g5 
29.h4 Kh8 30.Nxe4 Qxe4 31.Qxf7 Re6 32.Qxh5+ Kg7 33.Ra1 Rxa1 34.Rxa1 Qxh4 
35.Ra7+ Re7 36.Rxe7+ Bxe7 37.Qf3 Qh7 38.Qxc6 Qb1+ 39.Kh2 Qxb4 40.Qb7 Kf8 
41.f4 Qc4 42.Qa6 gxf4 43.exf4 Qd5 44.Qc8+ Kf7 45.g4 b4 46.g5 b3 47.Kg3 b2 
48.Qc2 Qxd4 49.Qb3+ Kf8 50.g6 Qf6 51.Kf3 Bd6 0-1

[Event "20th EUR-ch"]
[Site "Skopje MKD"]
[Date "2019.03.25"]
[Round "7"]
[White "Kacharava, Nikolozi"]
[Black "Paichadze, Luka"]
[Result "1-0"]
[WhiteElo "2424"]
[BlackElo "2576"]
[EventDate "2019.03.18"]
[Board "78"]
[PlyCount "63"]

1.e4 c6 2.d4 d5 3.Nd2 dxe4 4.Nxe4 Nf6 5.Nxf6+ gxf6 6.c3 h5 7.Nf3 h4 8.h3 
Bf5 9.Bd3 Bxd3 10.Qxd3 e6 11.O-O Nd7 12.a4 Qc7 13.a5 a6 14.b4 O-O-O 15.Rb1
Bh6 16.c4 Ne5 17.Nxe5 fxe5 18.Bxh6 Rxh6 19.b5 Rxd4 20.Qa3 Qd6 21.Qf3 f5 
22.bxa6 bxa6 23.c5 Qxc5 24.Rfc1 Rc4 25.Rxc4 Qxc4 26.Qe3 Qc2 27.Qb6 Kd7 28.
Qb8 Ke7 29.Rb7+ Kf6 30.Qf8+ Kg5 31.f4+ exf4 32.Rg7+ 1-0

[Event "20th EUR-ch"]
[Site "Skopje MKD"]
[Date "2019.03.25"]
[Round "7"]
[White "Alonso Rosell, Alvar"]
[Black "Soysal, Serkan"]
[Result "1/2-1/2"]
[WhiteElo "2559"]
[BlackElo "2405"]
[EventDate "2019.03.18"]
[Board "79"]
[PlyCount "55"]

1.d4 d5 2.c4 c6 3.cxd5 cxd5 4.Bf4 Nf6 5.e3 Nc6 6.Bd3 Bg4 7.Ne2 e6 8.Qb3 
Qd7 9.Nbc3 Be7 10.f3 Bh5 11.Bg3 Bg6 12.Nf4 O-O 13.Nxg6 hxg6 14.O-O Rfc8 
15.Rac1 Na5 16.Qd1 Nc4 17.Qe2 a6 18.Bf2 b5 19.e4 Rc6 20.e5 Ne8 21.f4 Rac8 
22.Be3 Bb4 23.Bxc4 Rxc4 24.Nb1 Qc6 25.Qd3 Qb6 26.b3 Rxc1 27.Rxc1 Rxc1+ 28.
Bxc1 1/2-1/2

[Event "20th EUR-ch"]
[Site "Skopje MKD"]
[Date "2019.03.25"]
[Round "7"]
[White "Nikolovski, Nikola"]
[Black "Zhigalko, Andrei"]
[Result "0-1"]
[WhiteElo "2404"]
[BlackElo "2541"]
[EventDate "2019.03.18"]
[Board "80"]
[PlyCount "88"]

1.e4 c5 2.Nf3 Nc6 3.d4 cxd4 4.Nxd4 Qb6 5.Nb3 Nf6 6.Nc3 e6 7.Be3 Qc7 8.a3 
a6 9.f4 d6 10.g4 b5 11.g5 Nd7 12.h4 Be7 13.Qd2 Bb7 14.h5 Nc5 15.Qf2 Rc8 
16.Bg2 h6 17.g6 O-O 18.Bh3 Nxb3 19.gxf7+ Rxf7 20.cxb3 Rf6 21.Bb6 Qb8 22.
Rg1 Bf8 23.O-O-O b4 24.axb4 Nxb4 25.Kb1 Rxc3 26.bxc3 Bxe4+ 27.Ka1 Nd5 28.
Rxd5 Bxd5 29.c4 Be4 30.Qe3 d5 31.c5 e5 32.Qc3 Rxf4 33.Qa5 Rf6 34.b4 Qe8 
35.Bg4 Bd3 36.Bc7 e4 37.Qa2 Bc4 38.Qb2 d4 39.Qxd4 Qa4+ 40.Kb2 Qxb4+ 41.Kc1
Bxc5 42.Be6+ Bxe6 43.Qxf6 Be3+ 44.Kc2 Qb3# 0-1

[Event "20th EUR-ch"]
[Site "Skopje MKD"]
[Date "2019.03.25"]
[Round "7"]
[White "Kelires, Andreas"]
[Black "Semjonovs, Ilja"]
[Result "1/2-1/2"]
[WhiteElo "2529"]
[BlackElo "2401"]
[EventDate "2019.03.18"]
[Board "81"]
[PlyCount "89"]

1.d4 Nf6 2.Bg5 g6 3.Bxf6 exf6 4.e3 Bg7 5.Nf3 O-O 6.Be2 f5 7.O-O d6 8.Nbd2 
Nd7 9.a4 a5 10.c3 Nf6 11.Qc2 c6 12.Nc4 Be6 13.Rfe1 Qe7 14.Nfd2 Rfe8 15.Bf3
Qc7 16.g3 Bd5 17.Bxd5 Nxd5 18.Rac1 Rac8 19.e4 fxe4 20.Nxe4 Re6 21.Ng5 
Rxe1+ 22.Rxe1 b5 23.Nd2 b4 24.c4 Ne7 25.Ngf3 Nf5 26.Nb3 c5 27.d5 h5 28.Re2
Rd8 29.h3 Qd7 30.Nc1 Re8 31.b3 Re7 32.Kg2 Qe8 33.Rxe7 Qxe7 34.Ne2 Bh6 35.
Qd3 Qf6 36.g4 hxg4 37.hxg4 Nh4+ 38.Nxh4 Qxh4 39.Qe4 Qf6 40.Ng3 Bf4 41.Ne2 
Be5 42.Ng1 Kg7 43.Nf3 Bf4 44.Kf1 Qa1+ 45.Kg2 1/2-1/2

[Event "20th EUR-ch"]
[Site "Skopje MKD"]
[Date "2019.03.25"]
[Round "7"]
[White "Thybo, Jesper Sondergaard"]
[Black "Atakisi, Umut"]
[Result "1-0"]
[WhiteElo "2525"]
[BlackElo "2403"]
[EventDate "2019.03.18"]
[Board "82"]
[PlyCount "63"]

1.e4 c5 2.Nf3 g6 3.d4 cxd4 4.Qxd4 Nf6 5.Nc3 Nc6 6.Qa4 d6 7.e5 dxe5 8.Nxe5 
Qd4 9.Nxc6 Qxa4 10.Nxa4 bxc6 11.Bd2 Ne4 12.Be3 e5 13.g3 Nf6 14.Bg2 Nd5 15.
Bc5 Bf5 16.c4 Nb4 17.O-O Bxc5 18.Nxc5 O-O-O 19.Rac1 Kc7 20.Rc3 Kb6 21.Na4+
Ka5 22.Rb3 Rd3 23.Nc3 Be6 24.a3 Na2 25.Rb7 Nxc3 26.bxc3 Rd7 27.Rb4 Rc8 28.
Re1 f6 29.f4 a6 30.c5 Rd2 31.Bf1 Rc7 32.Ree4 1-0

[Event "20th EUR-ch"]
[Site "Skopje MKD"]
[Date "2019.03.25"]
[Round "7"]
[White "Basso, Pier Luigi"]
[Black "Berzinsh, Roland"]
[Result "1-0"]
[WhiteElo "2521"]
[BlackElo "2397"]
[EventDate "2019.03.18"]
[Board "83"]
[PlyCount "75"]

1.d4 d5 2.c4 e6 3.Nc3 Bb4 4.Nf3 dxc4 5.e3 b5 6.a4 c6 7.Bd2 a5 8.axb5 Bxc3 
9.Bxc3 cxb5 10.b3 Bb7 11.bxc4 b4 12.Bb2 Nf6 13.Bd3 O-O 14.O-O Nbd7 15.Nd2 
Qc7 16.f4 a4 17.Rb1 Rfd8 18.Qe2 Qd6 19.Ba1 b3 20.e4 Nc5 21.e5 Qc6 22.exf6 
Nxd3 23.Rf3 Nb4 24.Qe5 g6 25.Qg5 Qd6 26.Rh3 Qf8 27.Rh6 Kh8 28.Qh4 Qg8 29.
d5 Bxd5 30.cxd5 Rxd5 31.Nf3 Rh5 32.Rxh5 gxh5 33.f5 Nc2 34.Be5 exf5 35.Qxh5
Qg4 36.Qxf7 Rg8 37.Nh4 Qxh4 38.Qxb3 1-0

[Event "20th EUR-ch"]
[Site "Skopje MKD"]
[Date "2019.03.25"]
[Round "7"]
[White "Zarubitski, Viachaslau"]
[Black "Nasuta, Grzegorz"]
[Result "0-1"]
[WhiteElo "2404"]
[BlackElo "2517"]
[EventDate "2019.03.18"]
[Board "84"]
[PlyCount "96"]

1.e4 e5 2.Nf3 Nc6 3.Bb5 a6 4.Ba4 Nf6 5.O-O b5 6.Bb3 Bc5 7.d3 d6 8.c3 h6 9.
d4 Bb6 10.dxe5 Nxe5 11.Bf4 Ng6 12.Bg3 O-O 13.Nbd2 Re8 14.Re1 Bb7 15.Qc2 
Nd7 16.a3 Qf6 17.Bd5 Bxd5 18.exd5 Ne7 19.c4 Qf5 20.Qxf5 Nxf5 21.cxb5 axb5 
22.Ne4 b4 23.Bf4 g5 24.Bg3 Nd4 25.Ned2 Nxf3+ 26.Nxf3 Rxe1+ 27.Nxe1 f5 28.
h4 f4 29.Bh2 Nf6 30.hxg5 hxg5 31.g3 bxa3 32.bxa3 fxg3 33.Bxg3 Nxd5 34.Nf3 
g4 35.Nd2 Ra4 36.Kg2 Bc5 37.Nb1 Kf7 38.Ra2 Nb6 39.Nc3 Ra5 40.Ne4 Rxa3 41.
Rc2 Nd7 42.Rc4 d5 43.Nxc5 dxc4 44.Nxd7 Ke6 45.Nf8+ Kf5 46.Kf1 Rd3 47.Ke2 
Rd8 48.Nh7 Rh8 0-1

[Event "20th EUR-ch"]
[Site "Skopje MKD"]
[Date "2019.03.25"]
[Round "7"]
[White "Potapov, Pavel"]
[Black "Erenberg, Ariel"]
[Result "1/2-1/2"]
[WhiteElo "2517"]
[BlackElo "2394"]
[EventDate "2019.03.18"]
[Board "85"]
[PlyCount "72"]

1.e4 c5 2.Nf3 Nc6 3.Bb5 g6 4.O-O Bg7 5.c3 Nf6 6.Re1 O-O 7.h3 e5 8.d3 d6 9.
Nbd2 Qc7 10.Nf1 h6 11.Ne3 a6 12.Ba4 b5 13.Bb3 Na5 14.Nd5 Nxd5 15.Bxd5 Bb7 
16.c4 Nc6 17.Bd2 b4 18.Nh2 Ne7 19.Bxb7 Qxb7 20.Ng4 Kh7 21.Ne3 f5 22.Nd5 
Nxd5 23.cxd5 f4 24.f3 a5 25.Qb3 a4 26.Qc4 g5 27.Kf2 Qa6 28.Qxa6 Rxa6 29.
Rec1 a3 30.b3 Ra7 31.Ke2 Rb7 32.Be1 h5 33.Bf2 h4 34.Rc4 Bf6 35.Rac1 Be7 
36.Kf1 Kg6 1/2-1/2

[Event "20th EUR-ch"]
[Site "Skopje MKD"]
[Date "2019.03.25"]
[Round "7"]
[White "Drnovsek, Gal"]
[Black "Zoler, Dan"]
[Result "1/2-1/2"]
[WhiteElo "2402"]
[BlackElo "2513"]
[EventDate "2019.03.18"]
[Board "86"]
[PlyCount "100"]

1.d4 f5 2.Nf3 Nf6 3.g3 g6 4.Bg2 Bg7 5.O-O O-O 6.b3 d6 7.Bb2 c6 8.c4 Na6 9.
Nc3 Rb8 10.d5 e5 11.dxe6 Bxe6 12.Ng5 Qe7 13.Qd2 h6 14.Nxe6 Qxe6 15.Rad1 
Rbd8 16.Ba3 Rd7 17.Qc2 Re8 18.e3 Nc7 19.Rfe1 d5 20.cxd5 cxd5 21.Ne2 Qf7 
22.Bb2 Red8 23.Rc1 Ne6 24.Nd4 Ne4 25.Qd3 a6 26.Nxe6 Qxe6 27.Bxg7 Kxg7 28.
Qd4+ Qf6 29.Red1 h5 30.h4 Kf7 31.Qb4 g5 32.Qd4 gxh4 33.Qxf6+ Kxf6 34.gxh4 
Rg8 35.Kf1 Ke5 36.Bf3 Rgg7 37.Rc2 f4 38.Bxe4 dxe4 39.Rc5+ Kf6 40.Rxd7 Rxd7
41.exf4 Rd2 42.a4 Rb2 43.Rxh5 Rxb3 44.Re5 Rh3 45.Rxe4 Rxh4 46.Rb4 Rh7 47.
Ke2 Kf5 48.a5 Rc7 49.Ke3 Rc5 50.Rxb7 Rxa5 1/2-1/2

[Event "20th EUR-ch"]
[Site "Skopje MKD"]
[Date "2019.03.25"]
[Round "7"]
[White "Osmak, Iulija"]
[Black "Goryachkina, Aleksandra"]
[Result "0-1"]
[WhiteElo "2399"]
[BlackElo "2504"]
[EventDate "2019.03.18"]
[Board "87"]
[PlyCount "126"]

1.e4 c6 2.d4 d5 3.e5 Bf5 4.Nf3 e6 5.Be2 Ne7 6.O-O c5 7.c3 Nec6 8.Be3 Nd7 
9.Nbd2 Be7 10.a3 O-O 11.Re1 Rc8 12.dxc5 Nxc5 13.Nb3 Nd7 14.Bf4 Bg4 15.Nbd4
Qb6 16.Nxc6 bxc6 17.b4 c5 18.h3 Bf5 19.Bd3 Bxd3 20.Qxd3 Rfd8 21.Bg5 Bxg5 
22.Nxg5 Nf8 23.Rab1 cxb4 24.axb4 Rc4 25.Ra1 Rdc8 26.Ra3 Qc7 27.Re3 h6 28.
Nf3 Ng6 29.Qd2 Re4 30.Qe1 Nxe5 31.Rxe4 dxe4 32.Qxe4 Nc4 33.Ra1 Nb6 34.Qe3 
Nd5 35.Qxa7 Qxc3 36.Qd4 Qxd4 37.Nxd4 Nxb4 38.h4 g6 39.g3 Nd3 40.Ra2 Rc1+ 
41.Kh2 e5 42.Nf3 e4 43.Ng1 f5 44.Nh3 Ne5 45.Kg2 Kf7 46.Ng1 Nd3 47.Ne2 Rc6 
48.Nf4 Ne1+ 49.Kf1 Nf3 50.Kg2 g5 51.hxg5 hxg5 52.Ne2 Rh6 53.Ra7+ Ke8 54.
Ra8+ Kd7 55.Ra7+ Kc8 56.g4 f4 57.Re7 Rh2+ 58.Kf1 Rh4 59.Nc3 Rh1+ 60.Kg2 
Rg1+ 61.Kh3 e3 62.Ne4 exf2 63.Nxf2 Rg3# 0-1

[Event "20th EUR-ch"]
[Site "Skopje MKD"]
[Date "2019.03.25"]
[Round "7"]
[White "Blagojevic, Dragisa"]
[Black "Ozen, Deniz"]
[Result "1/2-1/2"]
[WhiteElo "2498"]
[BlackElo "2393"]
[EventDate "2019.03.18"]
[Board "88"]
[PlyCount "27"]

1.d4 d5 2.c4 c6 3.Nc3 Nf6 4.e3 Bf5 5.cxd5 cxd5 6.Qb3 Nc6 7.Qxb7 Bd7 8.Qb3 
Rb8 9.Qd1 e5 10.dxe5 Nxe5 11.Nge2 Bc5 12.Nd4 Ne4 13.Be2 Qh4 14.g3 1/2-1/2

[Event "20th EUR-ch"]
[Site "Skopje MKD"]
[Date "2019.03.25"]
[Round "7"]
[White "Di Benedetto, Edoardo"]
[Black "Sadikhov, Ulvi"]
[Result "1/2-1/2"]
[WhiteElo "2394"]
[BlackElo "2488"]
[EventDate "2019.03.18"]
[Board "89"]
[PlyCount "79"]

1.d4 d6 2.g3 g6 3.Bg2 Bg7 4.Nf3 Nd7 5.c4 e5 6.Nc3 Ne7 7.O-O O-O 8.e4 exd4 
9.Nxd4 Nc6 10.Be3 Nde5 11.b3 Ng4 12.Nxc6 Nxe3 13.Qd3 Qg5 14.h4 Qc5 15.Ne7+
Kh8 16.fxe3 Qe5 17.Ned5 c6 18.Nc7 Rb8 19.Ne2 Qe7 20.Rad1 Be5 21.Nd5 cxd5 
22.exd5 Bg4 23.Bf3 Bf5 24.e4 Bd7 25.a4 a6 26.Kg2 Rg8 27.Nd4 Rbe8 28.Rde1 
Bc8 29.Bd1 Qd7 30.Rh1 Re7 31.Nf3 Bf6 32.b4 Rge8 33.c5 a5 34.cxd6 Qxd6 35.
bxa5 Rc7 36.Nd4 Bd7 37.Nb5 Bxb5 38.Qxb5 Rec8 39.Qb6 Qe5 40.Rhf1 1/2-1/2